British trade and the opening of China, 1800-42

Đã lưu trong:
书目详细资料
主要作者: Greenberg, Machael
格式: 图书
语言:Undetermined
出版: Cambrige, UK Cambridge University Press 1951
主题:
标签: 添加标签
没有标签, 成为第一个标记此记录!
Thư viện lưu trữ: Trung tâm Học liệu Trường Đại học Cần Thơ
LEADER 00586nam a2200217Ia 4500
001 CTU_92097
008 210402s9999 xx 000 0 und d
020 |c 3.55 
082 |a 382.0941 
082 |b G795 
100 |a Greenberg, Machael 
245 0 |a British trade and the opening of China, 1800-42 
245 0 |c Machael Greenberg 
260 |a Cambrige, UK 
260 |b Cambridge University Press 
260 |c 1951 
650 |a Great Britain 
650 |x Commerce 
650 |z China 
904 |i Hiếu, H.Mai 
980 |a Trung tâm Học liệu Trường Đại học Cần Thơ